00308nam a2200121Ia 4500008004100000082001000041100002700051245002100078260003700099300000800136630002100144730002100165100204s9999 xx 000 0 und d b21908 aMIKE JANSON/JOYCE POPE aTHE ANIMAL WORLD b"WWORLD BOOK INC, CHICAGO"c1987 a159 aTHE ANIMAL WORLD aTHE ANIMAL WORLD